000 00671nam a22002417a 4500
001 89193
003 UA-OsUOA
005 20220421175316.0
007 ta
008 20121101b un ||||| |||| 00| 0 ukr d
040 _aUA-OsUOA
_bukr
_cUA-OsUOA
_dUA-OsUOA
041 _aukr
080 _a821.161.2
090 _a821.161.2
_bР50
100 _aРильський М. Ф.
245 _aВибрані твори: лірика та поеми
260 _aК.
_bДніпро
_c1977
300 _a344 с.
650 7 _a821 Художня література
_2UDC
942 _cBK
_2udc
955 _a3
999 _c375475
_d375475